Clic Qui joue dans ce film Palme d'or à Cannes de 2000 à 2024 - Statistiques

Statistiques générales
  • Ce quiz a été pris 81 fois
  • Le résultat moyen est 14 sur 23
Statistiques - réponses
Hint Extra Hint Réponse % Correct
2013 - La vie d'Adèle France Léa Seydoux
98%
2002 - Le Pianiste France - Pologne Adrien Brody
92%
2019 - Parasite Corée-du-Sud Song Kang-ho
90%
2023 - Anatomie d'une chute France Sandra Hüller
85%
2000 - Dancer in the dark Danemark Björk
81%
2011 - The tree of life Etats-Unis Brad Pitt
81%
2008 - Entre les murs France François Bégaudeau
79%
2001 - La chambre du fils Italie Nanni Moretti
74%
2012 - Amour Autriche Jean-Louis Trintignant
73%
2021 - Titane France Vincent Lindon
73%
2006 - Le vent se lève Royaume-Uni Cillian Murphy
66%
2015 - Dheepan France Antonythasan Jesuthasan
56%
2010 - Oncle Boonmee, celui qui se souvient de ses vies antérieures Thaïlande Thanapat Saisaymar
53%
2007 - Quatre mois, trois semaines, deux jours Roumanie Anamaria Marinca
52%
2014 - Winter Sleep Turquie Haluk Bilginer
52%
2005 - L'Enfant Belgique Jérémie Renier
48%
2024 - Anora Etats-Unis Mikey Madison
48%
2016 - Moi, Daniel Blake Royaume-Uni Dave Johns
47%
2009 - Le ruban blanc Autriche Susanne Lothar
34%
2022 - Sans filtre Suède Harris Dickinson
32%
2003 - Elephant Etats-Unis Alex Frost
29%
2017 - The Square Suède Claes Bang
29%
2018 - Une affaire de famille Japon Lily Franky
16%
Aucun quiz correspondant
Distribution des résultats
% des personnes avec chaque résultat
Percentile par nombre de réponses
Votre historique - résultats
Vous n’avez pas pris ce quiz